Physics
Salvato in:
| Autore principale: | |
|---|---|
| Natura: | Libro |
| Lingua: | inglese |
| Pubblicazione: |
Pearson Education
2004
|
| Tags: |
Aggiungi Tag
Nessun Tag, puoi essere il primo ad aggiungerne!!
|
MARC
| LEADER | 00000nam a22000007a 4500 | ||
|---|---|---|---|
| 008 | 210122b ||||| |||| 00| 0 eng d | ||
| 020 | |a 0-13-140651-5 | ||
| 100 | |a WALKER, James S. | ||
| 245 | |a Physics |c James S. Walker |g xiii, 608p.; ill. | ||
| 250 | |b 2nd ed. | ||
| 260 | |b Pearson Education |c 2004 |h New Jersey |i 687177 |l QC23.2 .W15 |m Physics. | ||
| 500 | |a “It includes index” | ||
| 942 | |a lcc |c BK |e Adeniran, F. A |f 22/01/2021 | ||
| 952 | |0 0 |1 0 |2 lcc |4 0 |6 QC00232 W15 |7 0 |9 1607 |a HOL |b HOL |c QZ |d 2021-01-22 |l 0 |o QC23.2 .W15 |p 2021-0395 |r 2021-01-22 00:00:00 |w 2021-01-22 |y BK | ||
| 999 | |c 851 |d 851 | ||